[Event "LSS No Engine Cup 45 Preliminary 3"]
[Site "LSS email"]
[Date "2011.06.29"]
[Round "?"]
[White "Bosac, Victor"]
[Black "Kappel, Ray D"]
[Result "0-1"]
[WhiteElo "1047"]
[BlackElo "1391"]
[PlyCount "33"]
[EventDate "2011.06.30"]
[EventType "tourn (corr)"]
[EventRounds "6"]
[EventCountry "GER"]
[SourceTitle "Corr 2015"]
[Source "ChessBase"]
[SourceDate "2015.07.17"]
[SourceVersion "1"]
[SourceVersionDate "2015.07.17"]
[SourceQuality "1"]

1. e4 c5 2. Nf3 d6 3. d4 cxd4 4. Nxd4 Nf6 5. Nc3 g6 6. f3 Bg7 7. Be3 0-0 8. Qd2 Nc6 9. 0-0-0 Nxd4 10. Bxd4 Be6 11. g4 Nd7 12. Bxg7 Kxg7 13. h4 Kg8 14. h5 Ne5 15. Qh6 Nxg4 16. fxg4 Bxg4 17. hxg6 0-1

[Event "LSS No Engine Cup 45 Preliminary 3"]
[Site "LSS email"]
[Date "2011.06.29"]
[Round "?"]
[White "Bosac, Victor"]
[Black "Kerecsenyi, Zoltan"]
[Result "0-1"]
[WhiteElo "1047"]
[BlackElo "1583"]
[PlyCount "48"]
[EventDate "2011.06.30"]
[EventType "tourn (corr)"]
[EventRounds "6"]
[EventCountry "GER"]
[SourceTitle "Telechess CBM 151"]
[Source "ChessBase"]
[SourceDate "2012.11.13"]
[SourceVersion "1"]
[SourceVersionDate "2012.11.13"]
[SourceQuality "1"]

1. d4 Nf6 2. c4 g6 3. Nc3 d5 4. Nf3 Bg7 5. Bg5 Ne4 6. Bh4 Nxc3 7. bxc3 0-0 8. e3 c6 9. h3 f6 10. Qb3 e6 11. Be2 g5 12. Bg3 b6 13. 0-0 Bb7 14. cxd5 exd5 15. c4 Nd7 16. cxd5 cxd5 17. Rfc1 Rc8 18. Rxc8 Qxc8 19. Qa3 a5 20. Rc1 Qa8 21. Rc7 Rf7 22. Qd6 Bf8 23. Qe6 Bc8 24. Bb5 Ne5 0-1

[Event "LSS No Engine Cup 45 Preliminary 3"]
[Site "LSS email"]
[Date "2011.06.29"]
[Round "?"]
[White "Lonyuk, Bohdan"]
[Black "Bosac, Victor"]
[Result "1-0"]
[WhiteElo "1035"]
[BlackElo "1047"]
[PlyCount "69"]
[EventDate "2011.06.30"]
[EventType "tourn (corr)"]
[EventRounds "6"]
[EventCountry "GER"]
[SourceTitle "Telechess CBM 151"]
[Source "ChessBase"]
[SourceDate "2012.11.13"]
[SourceVersion "1"]
[SourceVersionDate "2012.11.13"]
[SourceQuality "1"]

1. e4 c5 2. Nf3 d6 3. d4 cxd4 4. Nxd4 Nf6 5. Nc3 a6 6. f4 Nc6 7. Nxc6 bxc6 8. e5 Ng8 9. Bc4 e6 10. 0-0 Qb6+ 11. Kh1 d5 12. Bb3 Bb4 13. Na4 Qc7 14. a3 Ba5 15. Qg4 f6 16. Nc5 f5 17. Qh5+ g6 18. Qe2 Bb6 19. Be3 Qe7 20. Qf2 Nh6 21. h3 Nf7 22. Na4 Ba7 23. Nb6 Bxb6 24. Bxb6 Nd8 25. Bc5 Qg7 26. a4 Nb7 27. Bb6 Qe7 28. a5 Bd7 29. Ba4 Rc8 30. Qe2 Ra8 31. c3 c5 32. Bxd7+ Qxd7 33. Qf2 Qb5 34. Rfb1 Rc8 35. Qh4 1-0

[Event "LSS RF-2011-0-00084"]
[Site "LSS email"]
[Date "2011.06.22"]
[Round "?"]
[White "Bosac, Victor"]
[Black "Shim Ng Min, Francis"]
[Result "0-1"]
[WhiteElo "1033"]
[BlackElo "1131"]
[PlyCount "34"]
[EventDate "2011.05.11"]
[EventType "tourn (corr)"]
[EventRounds "6"]
[EventCountry "GER"]
[SourceTitle "Corr 2015"]
[Source "ChessBase"]
[SourceDate "2015.07.17"]
[SourceVersion "1"]
[SourceVersionDate "2015.07.17"]
[SourceQuality "1"]

1. e4 c5 2. Nf3 e6 3. d4 cxd4 4. Nxd4 Nf6 5. Nc3 Nc6 6. f3 Be7 7. Be3 0-0 8. Qd2 d5 9. exd5 Nxd5 10. Nxd5 Qxd5 11. Nxc6 Qxc6 12. Bd3 e5 13. 0-0 Be6 14. Be4 Qc7 15. Rfd1 Rfd8 16. Qe2 a6 17. a3 Rxd1+ 0-1

[Event "LSS RF-2011-0-00084"]
[Site "LSS email"]
[Date "2011.06.22"]
[Round "?"]
[White "Bosac, Victor"]
[Black "Tittarelli, Adriano"]
[Result "0-1"]
[WhiteElo "1033"]
[BlackElo "1099"]
[PlyCount "24"]
[EventDate "2011.05.11"]
[EventType "tourn (corr)"]
[EventRounds "6"]
[EventCountry "GER"]
[SourceTitle "Corr 2015"]
[Source "ChessBase"]
[SourceDate "2015.07.17"]
[SourceVersion "1"]
[SourceVersionDate "2015.07.17"]
[SourceQuality "1"]

1. d4 g6 2. c4 Bg7 3. Nc3 d6 4. e4 c6 5. Be3 Nd7 6. Bd3 e6 7. Nge2 Ne7 8. 0-0 0-0 9. f4 d5 10. cxd5 cxd5 11. e5 a6 12. g4 Qb6 0-1

[Event "SF-2011-0-00100"]
[Site "LSS email"]
[Date "2011.06.19"]
[Round "?"]
[White "Bosac, Victor"]
[Black "Jostov, Keylah"]
[Result "0-1"]
[WhiteElo "1047"]
[BlackElo "1138"]
[PlyCount "42"]
[EventDate "2011.05.25"]
[EventType "tourn (corr)"]
[EventRounds "6"]
[EventCountry "GER"]
[SourceTitle "Telechess CBM 149"]
[Source "ChessBase"]
[SourceDate "2012.07.17"]
[SourceVersion "1"]
[SourceVersionDate "2012.07.17"]
[SourceQuality "1"]

1. e4 d6 2. d4 Nf6 3. Nc3 g6 4. Nf3 Bg7 5. h3 0-0 6. Bd3 c6 7. 0-0 Qc7 8. b3 e5 9. dxe5 dxe5 10. Bb2 Nbd7 11. Ne2 Nc5 12. Bxe5 Qe7 13. Bxf6 Qxf6 14. Ng3 Qxa1 15. Qxa1 Bxa1 16. Rxa1 Nxd3 17. cxd3 Be6 18. Ng5 h6 19. Nxe6 fxe6 20. Ne2 Rad8 21. Rd1 Rd6 0-1

[Event "RE-2011-0-00065"]
[Site "LSS email"]
[Date "2011.06.19"]
[Round "?"]
[White "Polastri, Antonio"]
[Black "Bosac, Victor"]
[Result "1-0"]
[WhiteElo "1661"]
[BlackElo "1047"]
[PlyCount "31"]
[EventDate "2011.04.16"]
[EventType "tourn (corr)"]
[EventRounds "6"]
[EventCountry "GER"]
[SourceTitle "Corr 2015"]
[Source "ChessBase"]
[SourceDate "2015.07.17"]
[SourceVersion "1"]
[SourceVersionDate "2015.07.17"]
[SourceQuality "1"]

1. d4 Nf6 2. c4 e6 3. g3 c5 4. d5 exd5 5. cxd5 d6 6. Nf3 g6 7. Nc3 a6 8. Bg2 Bg7 9. a4 0-0 10. 0-0 Re8 11. Bf4 Qc7 12. Re1 Bg4 13. Nd2 b6 14. Nc4 Bf8 15. Bg5 Bg7 16. Qd2 1-0

[Event "RE-2011-0-00065"]
[Site "LSS email"]
[Date "2011.06.11"]
[Round "?"]
[White "Bosac, Victor"]
[Black "Basson, Heinrich"]
[Result "0-1"]
[WhiteElo "1047"]
[BlackElo "1390"]
[PlyCount "38"]
[EventDate "2011.04.16"]
[EventType "tourn (corr)"]
[EventRounds "6"]
[EventCountry "GER"]
[SourceTitle "Telechess CBM 149"]
[Source "ChessBase"]
[SourceDate "2012.07.17"]
[SourceVersion "1"]
[SourceVersionDate "2012.07.17"]
[SourceQuality "1"]

1. e4 c6 2. d4 d5 3. Nc3 e6 4. Nf3 Nf6 5. Be2 Be7 6. exd5 cxd5 7. 0-0 0-0 8. Ne5 Nc6 9. f4 Qb6 10. Nxc6 bxc6 11. Bf3 Ba6 12. Re1 Qc7 13. g3 c5 14. dxc5 Bxc5+ 15. Kh1 Bf2 16. Re5 Rab8 17. Rb1 Rfd8 18. Be2 d4 19. Ne4 Nxe4 0-1

[Event "RE-2011-0-00063"]
[Site "LSS email"]
[Date "2011.05.25"]
[Round "?"]
[White "Bosac, Victor"]
[Black "Basson, Heinrich"]
[Result "0-1"]
[WhiteElo "1033"]
[BlackElo "1335"]
[PlyCount "42"]
[EventDate "2011.04.05"]
[EventType "tourn (corr)"]
[EventRounds "6"]
[EventCountry "GER"]
[SourceTitle "Telechess CBM 151"]
[Source "ChessBase"]
[SourceDate "2012.11.13"]
[SourceVersion "1"]
[SourceVersionDate "2012.11.13"]
[SourceQuality "1"]

1. d4 d5 2. c4 c6 3. Nc3 Nf6 4. Nf3 dxc4 5. e3 b5 6. b3 Qa5 7. Bd2 b4 8. Na4 c3 9. Bc1 Bf5 10. Bd3 Bxd3 11. Qxd3 Qb5 12. Nc5 e6 13. Qxb5 cxb5 14. Nd3 Nc6 15. 0-0 a5 16. Re1 a4 17. bxa4 Rxa4 18. e4 b3 19. Bg5 Nb4 20. Nxb4 b2 21. Rab1 Bxb4 0-1

[Event "ZL-2011-0-00926"]
[Site "LSS email"]
[Date "2011.05.25"]
[Round "?"]
[White "Bosac, Victor"]
[Black "Cimicki, Dariusz"]
[Result "0-1"]
[WhiteElo "1164"]
[BlackElo "1609"]
[PlyCount "48"]
[EventDate "2011.05.21"]
[EventType "match (corr)"]
[EventRounds "2"]
[EventCountry "GER"]
[SourceTitle "Telechess CBM 145"]
[Source "Chessbase"]
[SourceDate "2011.11.11"]
[SourceVersion "1"]
[SourceVersionDate "2011.11.11"]
[SourceQuality "1"]

1. e4 e6 2. d4 d5 3. e5 c5 4. c3 Nc6 5. Nf3 Qb6 6. a3 c4 7. Be2 Bd7 8. 0-0 Na5 9. Nbd2 Ne7 10. Qc2 h6 11. Re1 0-0-0 12. Rb1 Kb8 13. b4 cxb3 14. Nxb3 Nxb3 15. Qxb3 Qxb3 16. Rxb3 Nc8 17. Bb5 Bxb5 18. Rxb5 Nb6 19. Re2 Rc8 20. Rc2 Be7 21. Nd2 Rc6 22. Nb3 Rhc8 23. Bb2 Na4 24. Na5 R6c7 0-1

[Event "SE-2011-0-00073"]
[Site "LSS email"]
[Date "2011.05.25"]
[Round "?"]
[White "Cimicki, Dariusz"]
[Black "Bosac, Victor"]
[Result "1-0"]
[WhiteElo "1900"]
[BlackElo "1047"]
[PlyCount "45"]
[EventDate "2011.03.21"]
[EventType "tourn (corr)"]
[EventRounds "6"]
[EventCountry "GER"]
[SourceTitle "Telechess CBM 149"]
[Source "ChessBase"]
[SourceDate "2012.07.17"]
[SourceVersion "1"]
[SourceVersionDate "2012.07.17"]
[SourceQuality "1"]

1. e4 c5 2. Nf3 d6 3. d4 cxd4 4. Nxd4 Nf6 5. Nc3 a6 6. Be3 e6 7. g4 Be7 8. g5 Nfd7 9. h4 Nc6 10. Qd2 Qc7 11. 0-0-0 b5 12. Nxc6 Qxc6 13. Qd4 e5 14. Qd2 Bb7 15. Nd5 Bd8 16. h5 Rc8 17. Kb1 Nc5 18. f3 Na4 19. Bh3 Rb8 20. g6 f6 21. h6 hxg6 22. hxg7 Rg8 23. Be6 1-0

[Event "ZL-2011-0-00926"]
[Site "LSS email"]
[Date "2011.05.25"]
[Round "?"]
[White "Cimicki, Dariusz"]
[Black "Bosac, Victor"]
[Result "1-0"]
[WhiteElo "1609"]
[BlackElo "1164"]
[PlyCount "27"]
[EventDate "2011.05.21"]
[EventType "match (corr)"]
[EventRounds "2"]
[EventCountry "GER"]
[SourceTitle "Corr 2013"]
[Source "ChessBase"]
[SourceDate "2012.11.12"]
[SourceVersion "1"]
[SourceVersionDate "2012.11.12"]
[SourceQuality "1"]

1. e4 c5 2. Nf3 d6 3. d4 cxd4 4. Nxd4 Nf6 5. Nc3 a6 6. Be3 e6 7. g4 Be7 8. g5 Nfd7 9. h4 Nc6 10. Qd2 Qc7 11. 0-0-0 b5 12. Nxc6 Qxc6 13. Qd4 Bb7 14. Qxg7 1-0

[Event "RE-2011-0-00063"]
[Site "LSS email"]
[Date "2011.05.25"]
[Round "?"]
[White "Couspeyre, Thierry"]
[Black "Bosac, Victor"]
[Result "1-0"]
[WhiteElo "1196"]
[BlackElo "1033"]
[PlyCount "59"]
[EventDate "2011.04.05"]
[EventType "tourn (corr)"]
[EventRounds "6"]
[EventCountry "GER"]
[SourceTitle "Telechess CBM 151"]
[Source "ChessBase"]
[SourceDate "2012.11.13"]
[SourceVersion "1"]
[SourceVersionDate "2012.11.13"]
[SourceQuality "1"]

1. e4 c5 2. Nf3 d6 3. d4 cxd4 4. Nxd4 Nf6 5. Nc3 a6 6. Be2 Qc7 7. 0-0 e6 8. Kh1 Be7 9. f4 0-0 10. Be3 Nc6 11. Bf3 Nxd4 12. Bxd4 b5 13. e5 dxe5 14. Bxa8 exd4 15. Qxd4 Bc5 16. Qe5 Qxe5 17. fxe5 Ng4 18. Ne4 Bb6 19. h3 Nxe5 20. Rad1 Nc4 21. Rde1 Nxb2 22. Nd6 Nc4 23. Nxc4 bxc4 24. Rb1 Bc7 25. Rfd1 a5 26. Bc6 Ba6 27. Rd7 Be5 28. Ra7 Bc8 29. Rxa5 Bf6 30. Ra8 1-0

[Event "ZL-2011-0-00915"]
[Site "LSS email"]
[Date "2011.05.16"]
[Round "?"]
[White "Bosac, Victor"]
[Black "Winter, Malcolm J"]
[Result "0-1"]
[WhiteElo "1033"]
[BlackElo "1048"]
[PlyCount "26"]
[EventDate "2011.05.10"]
[EventType "match (corr)"]
[EventRounds "2"]
[EventCountry "GER"]
[SourceTitle "Corr 2015"]
[Source "ChessBase"]
[SourceDate "2015.07.17"]
[SourceVersion "1"]
[SourceVersionDate "2015.07.17"]
[SourceQuality "1"]

1. e4 c6 2. d4 d5 3. Nc3 dxe4 4. Nxe4 Nf6 5. Nxf6+ exf6 6. c3 Bd6 7. Bd3 0-0 8. Qc2 h6 9. Ne2 Nd7 10. 0-0 Re8 11. Bd2 Qb6 12. Nf4 Qc7 13. Ne2 Bxh2+ 0-1

[Event "OP-2011-0-01507"]
[Site "LSS email"]
[Date "2011.05.03"]
[Round "?"]
[White "Bosac, Victor"]
[Black "Molano Lafuente, Ismael"]
[Result "0-1"]
[WhiteElo "1164"]
[BlackElo "1332"]
[PlyCount "40"]
[EventDate "2011.04.25"]
[EventType "tourn (corr)"]
[EventRounds "4"]
[EventCountry "GER"]
[SourceTitle "Telechess CBM 145"]
[Source "Chessbase"]
[SourceDate "2011.11.11"]
[SourceVersion "1"]
[SourceVersionDate "2011.11.11"]
[SourceQuality "1"]

1. d4 Nf6 2. c4 Nc6 3. Nf3 e6 4. Nc3 Bb4 5. Qc2 d6 6. Bd2 0-0 7. a3 Bxc3 8. Bxc3 Qe7 9. e3 e5 10. d5 Nb8 11. Be2 Nbd7 12. 0-0 Re8 13. Nd2 Nf8 14. h3 c6 15. dxc6 bxc6 16. Rfd1 d5 17. cxd5 cxd5 18. Bb4 Qe6 19. Nb3 Qf5 20. Qc6 Bd7 0-1

[Event "OP-2011-0-01507"]
[Site "LSS email"]
[Date "2011.05.03"]
[Round "?"]
[White "Vodicka, Milan"]
[Black "Bosac, Victor"]
[Result "1-0"]
[WhiteElo "1625"]
[BlackElo "1164"]
[PlyCount "27"]
[EventDate "2011.04.25"]
[EventType "tourn (corr)"]
[EventRounds "4"]
[EventCountry "GER"]
[SourceTitle "Corr 2013"]
[Source "ChessBase"]
[SourceDate "2012.11.12"]
[SourceVersion "1"]
[SourceVersionDate "2012.11.12"]
[SourceQuality "1"]

1. d4 Nf6 2. c4 e6 3. Nc3 c5 4. d5 exd5 5. cxd5 d6 6. e4 a6 7. f4 b5 8. e5 dxe5 9. fxe5 Ng8 10. Nf3 Bb7 11. d6 Nc6 12. Bf4 Qa5 13. d7+ Kd8 14. Qd5 1-0

[Event "ZI-2011-0-00976"]
[Site "LSS email"]
[Date "2011.04.30"]
[Round "?"]
[White "Bosac, Victor"]
[Black "Hammerschmidt, Volker"]
[Result "0-1"]
[WhiteElo "1339"]
[BlackElo "1487"]
[PlyCount "46"]
[EventDate "2011.04.25"]
[EventType "match (corr)"]
[EventRounds "2"]
[EventCountry "GER"]
[SourceTitle "Telechess CBM 145"]
[Source "Chessbase"]
[SourceDate "2011.11.11"]
[SourceVersion "1"]
[SourceVersionDate "2011.11.11"]
[SourceQuality "1"]

1. d4 Nf6 2. c4 e6 3. Nc3 Bb4 4. Qc2 c5 5. e3 b6 6. Nge2 0-0 7. a3 Ba5 8. Bd2 Ba6 9. Ng3 d5 10. b3 dxc4 11. Bxc4 Bxc4 12. bxc4 cxd4 13. exd4 Qxd4 14. 0-0 Qxc4 15. Rac1 Nbd7 16. Qd1 Rac8 17. Nce4 Qd5 18. Nxf6+ Nxf6 19. Bxa5 Qxa5 20. Qf3 h6 21. h3 Rfd8 22. Ne2 Rxc1 23. Rxc1 Qd2 0-1

[Event "ZI-2011-0-00975"]
[Site "LSS email"]
[Date "2011.04.30"]
[Round "?"]
[White "Bosac, Victor"]
[Black "Valverde Lopez, Mario"]
[Result "0-1"]
[WhiteElo "1164"]
[BlackElo "1600"]
[PlyCount "40"]
[EventDate "2011.04.25"]
[EventType "match (corr)"]
[EventRounds "2"]
[EventCountry "GER"]
[SourceTitle "Telechess CBM 145"]
[Source "Chessbase"]
[SourceDate "2011.11.11"]
[SourceVersion "1"]
[SourceVersionDate "2011.11.11"]
[SourceQuality "1"]

1. e4 e5 2. Nf3 Nc6 3. Bb5 Nd4 4. Bc4 Bc5 5. 0-0 Nxf3+ 6. Qxf3 Qf6 7. Qc3 d6 8. d3 Qg6 9. Kh1 Nf6 10. Be3 Bxe3 11. fxe3 0-0 12. Na3 Qh6 13. Rf3 c6 14. Raf1 a5 15. Qe1 b5 16. Nxb5 cxb5 17. Bxb5 Bg4 18. Rg3 Be6 19. Qf2 Ng4 20. Qf3 Qxh2# 0-1

[Event "ZI-2011-0-00976"]
[Site "LSS email"]
[Date "2011.04.30"]
[Round "?"]
[White "Hammerschmidt, Volker"]
[Black "Bosac, Victor"]
[Result "1-0"]
[WhiteElo "1487"]
[BlackElo "1339"]
[PlyCount "43"]
[EventDate "2011.04.25"]
[EventType "match (corr)"]
[EventRounds "2"]
[EventCountry "GER"]
[SourceTitle "Telechess CBM 145"]
[Source "Chessbase"]
[SourceDate "2011.11.11"]
[SourceVersion "1"]
[SourceVersionDate "2011.11.11"]
[SourceQuality "1"]

1. c4 Nf6 2. Nf3 e6 3. d4 d5 4. cxd5 exd5 5. Nc3 c6 6. Bg5 Bb4 7. Qc2 Nbd7 8. e3 Qa5 9. Bd3 h6 10. Bh4 Bxc3+ 11. bxc3 0-0 12. 0-0 b5 13. a4 bxa4 14. Rxa4 Qc7 15. Bg3 Qd8 16. Rfa1 c5 17. Rxa7 Rxa7 18. Rxa7 c4 19. Bf5 Qb6 20. Qa2 g6 21. Bc7 Qc6 22. Bc2 1-0

[Event "ZI-2011-0-00975"]
[Site "LSS email"]
[Date "2011.04.30"]
[Round "?"]
[White "Valverde Lopez, Mario"]
[Black "Bosac, Victor"]
[Result "1-0"]
[WhiteElo "1600"]
[BlackElo "1164"]
[PlyCount "29"]
[EventDate "2011.04.25"]
[EventType "match (corr)"]
[EventRounds "2"]
[EventCountry "GER"]
[SourceTitle "Corr 2013"]
[Source "ChessBase"]
[SourceDate "2012.11.12"]
[SourceVersion "1"]
[SourceVersionDate "2012.11.12"]
[SourceQuality "1"]

1. e4 c5 2. Bc4 e6 3. Qe2 a6 4. a4 Nc6 5. Nf3 Qc7 6. 0-0 d6 7. Nc3 Nf6 8. d3 Be7 9. Be3 0-0 10. h3 b6 11. d4 cxd4 12. Nxd4 Nxd4 13. Bxd4 Bb7 14. Bd3 Rac8 15. Bxa6 1-0

[Event "BI-2011-P-00035"]
[Site "LSS email"]
[Date "2011.04.17"]
[Round "?"]
[White "Testa, Italo"]
[Black "Bosac, Victor"]
[Result "1/2-1/2"]
[WhiteElo "961"]
[BlackElo "1047"]
[PlyCount "102"]
[EventDate "2011.04.20"]
[EventType "tourn (corr)"]
[EventRounds "10"]
[EventCountry "GER"]
[SourceTitle "Telechess CBM 151"]
[Source "ChessBase"]
[SourceDate "2012.11.13"]
[SourceVersion "1"]
[SourceVersionDate "2012.11.13"]
[SourceQuality "1"]

1. e4 c5 2. Bc4 d6 3. Nc3 a6 4. a3 Nf6 5. h3 e6 6. Nf3 b5 7. Ba2 Bb7 8. d3 Be7 9. 0-0 Qc7 10. Bf4 Nbd7 11. Qe2 0-0 12. Rac1 Qb6 13. Be3 Rac8 14. Rfe1 Rfe8 15. b4 Qc7 16. Nb1 cxb4 17. axb4 a5 18. bxa5 Qxa5 19. Bb3 Nc5 20. Bd2 Qa6 21. Nc3 Qc6 22. Ra1 Ra8 23. Nd4 Qd7 24. Ndxb5 Nxb3 25. cxb3 Bc6 26. Nd4 Reb8 27. e5 dxe5 28. Nxc6 Qxc6 29. Qxe5 Bd6 30. Qe2 Rxa1 31. Rxa1 Rxb3 32. Ne4 Nxe4 33. dxe4 Be5 34. Rc1 Qb7 35. g3 h6 36. Qc4 Rb1 37. Kg2 Rb2 38. Be3 Rb4 39. Qc8+ Qxc8 40. Rxc8+ Kh7 41. Kf3 Rb3 42. Ke2 Rb4 43. f4 Bf6 44. e5 Be7 45. Rc7 Rb2+ 46. Kf3 Ba3 47. Rxf7 Rb3 48. Ke4 Rb4+ 49. Kf3 Rb3 50. Ke2 Rb2+ 51. Kf3 Rb3 1/2-1/2

[Event "OP-2011-0-01485"]
[Site "LSS email"]
[Date "2011.04.12"]
[Round "?"]
[White "Bosac, Victor"]
[Black "Kolanek, Roman"]
[Result "0-1"]
[WhiteElo "1164"]
[BlackElo "1947"]
[PlyCount "38"]
[EventDate "2011.04.09"]
[EventType "tourn (corr)"]
[EventRounds "4"]
[EventCountry "GER"]
[SourceTitle "Telechess CBM 147"]
[Source "ChessBase"]
[SourceDate "2012.03.16"]
[SourceVersion "1"]
[SourceVersionDate "2012.03.16"]
[SourceQuality "1"]

1. e4 c5 2. Nf3 d6 3. d4 cxd4 4. Nxd4 Nf6 5. Nc3 a6 6. f3 e5 7. Nb3 Be7 8. Be3 0-0 9. Qd2 Be6 10. g4 d5 11. exd5 Nxd5 12. 0-0-0 Nxe3 13. Qxe3 Bg5 14. Rxd8 Bxe3+ 15. Kb1 Rxd8 16. Bd3 Nc6 17. h4 b5 18. g5 Rac8 19. Rd1 Nb4 0-1

[Event "OP-2011-0-01486"]
[Site "LSS email"]
[Date "2011.04.12"]
[Round "?"]
[White "Bosac, Victor"]
[Black "Stevenson, Walter"]
[Result "1-0"]
[WhiteElo "1164"]
[BlackElo "707"]
[PlyCount "49"]
[EventDate "2011.04.09"]
[EventType "tourn (corr)"]
[EventRounds "4"]
[EventCountry "GER"]
[SourceTitle "Telechess CBM 147"]
[Source "ChessBase"]
[SourceDate "2012.03.16"]
[SourceVersion "1"]
[SourceVersionDate "2012.03.16"]
[SourceQuality "1"]

1. e4 c5 2. Nf3 d6 3. d4 cxd4 4. Nxd4 Nf6 5. Nc3 g6 6. f3 a6 7. Be3 e5 8. Nb3 Be6 9. Qd2 Bg7 10. 0-0-0 Bxb3 11. axb3 Bf8 12. Bc5 Nc6 13. Bxd6 Bxd6 14. Qxd6 Qxd6 15. Rxd6 Nh5 16. Nd5 0-0 17. g4 Ng7 18. Nf6+ Kh8 19. Bc4 Rfd8 20. Rhd1 Rxd6 21. Rxd6 Rd8 22. Rd7 Rxd7 23. Nxd7 Ne6 24. Bxe6 fxe6 25. c3 1-0

[Event "OP-2011-0-01486"]
[Site "LSS email"]
[Date "2011.04.12"]
[Round "?"]
[White "Shim Ng Min, Francis"]
[Black "Bosac, Victor"]
[Result "1-0"]
[WhiteElo "1129"]
[BlackElo "1164"]
[PlyCount "65"]
[EventDate "2011.04.09"]
[EventType "tourn (corr)"]
[EventRounds "4"]
[EventCountry "GER"]
[SourceTitle "Telechess CBM 147"]
[Source "ChessBase"]
[SourceDate "2012.03.16"]
[SourceVersion "1"]
[SourceVersionDate "2012.03.16"]
[SourceQuality "1"]

1. e4 c5 2. Nf3 d6 3. d4 cxd4 4. Nxd4 Nf6 5. Nc3 a6 6. Bg5 e6 7. f4 Be7 8. Qf3 Qc7 9. 0-0-0 0-0 10. Bd3 Nc6 11. Nxc6 bxc6 12. e5 dxe5 13. Qh3 g6 14. Qh4 Kg7 15. Bh6+ Kg8 16. Bxf8 Kxf8 17. fxe5 Qxe5 18. Rhf1 Nd5 19. Rde1 Qg7 20. Qc4 Nxc3 21. Qxc3 Qxc3 22. bxc3 Bg5+ 23. Kd1 Rb8 24. Ke2 c5 25. Rb1 Rb7 26. Rxb7 Bxb7 27. Rb1 Bd5 28. Bxa6 Bxa2 29. Rb8+ Kg7 30. c4 h5 31. Rb2 Bxc4+ 32. Bxc4 h4 33. Rb7 1-0

[Event "ZI-2010-0-00850"]
[Site "LSS email"]
[Date "2011.01.02"]
[Round "?"]
[White "Teverovski, Bogoljub"]
[Black "Bosac, Victor"]
[Result "1-0"]
[WhiteElo "1799"]
[BlackElo "1339"]
[PlyCount "95"]
[EventDate "2010.12.25"]
[EventType "match (corr)"]
[EventRounds "2"]
[EventCountry "GER"]
[SourceTitle "Telechess CBM 145"]
[Source "Chessbase"]
[SourceDate "2011.11.11"]
[SourceVersion "1"]
[SourceVersionDate "2011.11.11"]
[SourceQuality "1"]

1. d4 Nf6 2. c4 e6 3. Nf3 c5 4. d5 exd5 5. cxd5 d6 6. Nc3 a6 7. a4 Bg4 8. Nd2 Nbd7 9. f3 Bh5 10. e4 g5 11. g4 Bg6 12. Nc4 h6 13. a5 b5 14. axb6 Nxb6 15. Na5 Nbd7 16. Nc6 Qb6 17. h4 gxh4 18. Rxh4 Bg7 19. Nb5 Bf8 20. Qb3 h5 21. Bf4 Rc8 22. Nxd6+ Bxd6 23. Qxb6 Nxb6 24. Bxd6 Kd7 25. Bxc5 Na8 26. g5 Nh7 27. Bh3+ Kc7 28. Bxc8 Nxg5 29. Bg4 Rh7 30. Be3 hxg4 31. Bxg5 Rxh4 32. Bxh4 gxf3 33. Rxa6 Nb6 34. Bd8+ Kd6 35. e5+ Kxd5 36. Ne7+ Kxe5 37. Nxg6+ Ke4 38. Rxb6 f5 39. Bf6 Kd5 40. Kf2 f4 41. Kxf3 Kc4 42. Nxf4 Kc5 43. Bd8 Kc4 44. Ke4 Kc5 45. Ne2 Kc4 46. Bf6 Kc5 47. Bd4+ Kc4 48. b3# 1-0